Länder mit einem einzigen Hinweis #5 - Statistiken

Allgemein
  • Dieses Quiz wurde 28.872 mal gespielt
  • Das Durchschnittsergebnis liegt bei 11 aus 20
Antwortstatistiken
Hinweis Land % Korrekt
Hatte eine "Ein-Kind-Politik" bis 2016 China
94%
4.300 Kilometer lang, nur 350 Kilometer breit Chile
89%
Wurde beschuldigt die amerikanischen und französischen Wahlen zu manipulieren Russland
77%
Zwischen Algerien und Ägypten gelegen Libyen
72%
Grenzt an Rumänien und die Türkei Bulgarien
70%
Vollständig von Südafrika umgeben Lesotho
68%
Land, dessen Spione für MI6 arbeiten Vereinigtes Königreich
68%
Kontrolliert den Suezkanal Ägypten
66%
Zu welchem Land gehören die Inseln Java und Sulawesi Indonesien
58%
Hat die Initialen DR Dominikanische Republik
54%
Land mit den meisten baskischen Bewohnern Spanien
54%
Nach der Legende wurde dieser Kleinstaat von Sankt Marinus im Jahr 301 n. Chr. gegründet San Marino
53%
Verbot Kaugummi im Jahr 1992 Singapur
43%
Land, wo sich die alte Stadt Karthago befand Tunesien
38%
Land in dem der Nil in den Victoriasee mundet Uganda
36%
Geburtsort der Siamesische Zwillinge Eng und Chang Thailand
35%
Hatte 800% Inflation im Jahr 2016 Venezuela
29%
Land, in dem die Tamil Tigers um Unabhängigkeit kämpften Sri Lanka
25%
Dub und Ska Musik kommen von hier Jamaika
23%
Der ehemalige Führer Niyazov beauftragte eine riesige goldene Statue von sich selbst, die immer gedreht wurde, um der Sonne zu begegnen - jetzt abgerissen Turkmenistan
13%
Keine übereinstimmenden Quizze gefunden
Verteilung der Resultate
Anzahl Personen mit jedem Resultat
Perzentil nach korrekt beantworteten Fragen
Ihre Resultats-Entwicklung
Sie haben dieses Quiz noch nicht gespielt